书目信息 |
| 题名: |
语言学概论问答
|
|
| 作者: | 王宗孟 编写 | |
| 分册: | ||
| 出版信息: | 南宁 广西民族出版社 1986 |
|
| 页数: | 103页 | |
| 开本: | 19cm | |
| 丛书名: | 国家高等教育自学考试问答丛书 | |
| 单 册: | ||
| 中图分类: | H0-44 | |
| 科图分类: | ||
| 主题词: | 语言学--概论 | |
| 电子资源: | ||
| ISBN: | ||
| 000 | 00687nam2 2200253 45 | |
| 001 | 0186007378 | |
| 005 | 20070731162302.84 | |
| 010 | @dCNY0.60 | |
| 091 | @a7138.76 | |
| 100 | @a19951029d1986 em y0chiy0121 ea | |
| 101 | 0 | @achi |
| 102 | @aCN@b450000 | |
| 105 | @ay z 000yy | |
| 200 | 10 | @a语言学概论问答@Ayu yan xue gai lun wen da@f王宗孟编写 |
| 210 | @a南宁@c广西民族出版社@d1986 | |
| 215 | @a103页@d19cm | |
| 225 | 2 | @a国家高等教育自学考试问答丛书 |
| 410 | 0 | @120010@a国家高等教育自学考试问答丛书 |
| 606 | @a语言学@x概论 | |
| 690 | @aH0-44@v3 | |
| 701 | 0 | @a王宗孟@4编写@Awang zong meng |
| 801 | 2 | @aCN@bNLC@c20070731 |
| 801 | 0 | @aCN@bTSSF |
| 905 | @a10447@dH0-44@e197 | |
| 语言学概论问答/王宗孟编写.-南宁:广西民族出版社,1986 |
| 103页;19cm.-(国家高等教育自学考试问答丛书) |
| ISBN :CNY0.60 |
| ● |
| 相关链接 |
|
|
|
|
正题名:语言学概论问答
索取号:H0-44/197
 
预约/预借
| 序号 | 登录号 | 条形码 | 馆藏地/架位号 | 状态 | 备注 |
| 1 | 0786856 | 207868565 | 第二样本阅览室/ [索取号:H0-44/197] | 在馆 |